• Dockendorf-Kemp Maggy et Guy (et al.)

di Personal Name

Records bibliografici associati: 1

001 - CONTROL NUMBER

  • control field: 62521

003 - CONTROL NUMBER IDENTIFIER

  • control field:

005 - DATE AND TIME OF LATEST TRANSACTION

  • control field: 20250724145039.0

008 - FIXED-LENGTH DATA ELEMENTS

  • fixed length control field: 250724|| aca||aabn | a|a d

040 ## - CATALOGING SOURCE

  • Original cataloging agency:
  • Transcribing agency:

100 ## - HEADING--PERSONAL NAME

  • Personal name: Dockendorf-Kemp Maggy et Guy (et al.)

670 ## - SOURCE DATA FOUND

  • Source citation: Work cat.: ()206421: Dockendorf-Kemp Maggy et Guy (et al.), Amour. La FICPM dans sa diversite, 1989
CREDITS: SOCIETA' SAN PAOLO Via A.Severo, 58 - ROMA (RM) & PERIODICI SAN PAOLO SRL Via Giotto, 36 MILANO & CISF Via Giotto, 36 MILANO & EDIZIONI SAN PAOLO SRL,  Piazza Soncino, 5 CINISELLO BALSAMO (MI) -- ITALY